Oppio : poesie scelte /

محفوظ في:
التفاصيل البيبلوغرافية
المؤلف الرئيسي: Adelswärd Fersen, Jacques : d' (مؤلف)
مؤلفون آخرون: Negri, Ada, (1870-1945)
التنسيق: كتاب
اللغة:الإيطالية
منشور في: Napoli ; Milano : A. Caròla, 1990
سلاسل:La ginestra ; 4
الوسوم: إضافة وسم
لا توجد وسوم, كن أول من يضع وسما على هذه التسجيلة!

MARC

LEADER 00000nam a22000007i 4500
001 IT\ICCU\UBO\3335934
003 ItRI
005 20260115232434.0
008 071206s1990 it |||||| ||||| |||||c
040 |b ita  |c importazione bologna sebina 
041 7 |a ita  |2 ISO-639-2 
100 1 |a Adelswärd Fersen, Jacques : d'  |0 IT\ICCU\CFIV\121643  |4 aut 
245 1 0 |a Oppio :  |b poesie scelte /  |c Jacques d'Adelswaerd Fersen ; a cura di Mariano Bàino ; con uno scritto di Ada Negri. 
260 |a Napoli ;  |a Milano :  |b A. Caròla,  |c 1990 
300 |a 105 p. ;  |c 17 cm. 
700 1 |a Negri, Ada,  |d  (1870-1945)  |0 IT\ICCU\CFIV\038491 
790 1 |a Fersen, Jacques  |3 IT\ICCU\CFIV\157234  |z Adelswärd Fersen, Jacques : d' 
790 1 |a Adelswaerd Fersen, Jacques : d'  |3 IT\ICCU\CFIV\199960  |z Adelswärd Fersen, Jacques : d' 
790 1 |a Adelswärd, Jacques : d'  |3 IT\ICCU\NAPV\073414  |z Adelswärd Fersen, Jacques : d' 
830 3 |a La ginestra ;  |v 4  |0 IT\ICCU\MIL\0051234 
942 |2 ddc  |c BK  |n 0 
952 |0 0  |1 0  |4 0  |6 DOC_841_912000000000000_ADE  |7 0  |9 25778  |a BO  |b BO  |d 2026-01-15  |i 11619  |l 0  |o DOC 841.912 ADE  |p BO11619  |r 2026-01-15 23:24:34  |w 2026-01-15  |x [Sebina 5] [1 v.]  |y BK  |z 1 v. 
999 |c 21862  |d 21862